| 000 | 00492nam a22001817a 4500 | ||
|---|---|---|---|
| 003 | NUST - PNEC | ||
| 005 | 20170116181048.0 | ||
| 008 | 150928b xxu||||| |||| 00| 0 eng d | ||
| 020 | _a9788126516056 | ||
| 040 | _cLIBRARY | ||
| 082 | _a658.1599 SHA | ||
| 100 |
_911770 _a Shapiro, Alan C |
||
| 245 |
_aMultinational financial management _cAlan C Shapiro |
||
| 250 | _a8th ed. | ||
| 260 | _cc 2006 | ||
| 650 |
_911771 _aInternational business enterprises--Finance _xMIS |
||
| 942 |
_2ddc _cBK |
||
| 999 |
_c68290 _d68290 |
||